| Tag |
First Indicator |
Second Indicator |
Subfields |
| LEADER |
00000cam a2200000 4500 |
| 001 |
in00000279421 |
| 005 |
20151010072232.0 |
| 008 |
731005s1937 nyuac 00000 eng d |
| 010 |
|
|
|a 37022362
|
| 035 |
|
|
|a (OCoLC)00710368
|
| 035 |
|
|
|9 ABE8884AM
|
| 040 |
|
|
|a VTU
|c VTU
|d TXA
|d UtOrBLW
|
| 049 |
|
|
|a TXAM
|c 1 [1333401]
|c 2 [1206411]
|
| 090 |
|
|
|a QC28
|b .P5
|
| 245 |
0 |
0 |
|a Physics in industry.
|
| 264 |
|
1 |
|a New York :
|b American institute of physics,
|c 1937.
|
| 300 |
|
|
|a xiv, 200 pages :
|b illustrations (including portraits) diagrams ;
|c 20 cm.
|
| 336 |
|
|
|a text
|b txt
|2 rdacontent
|
| 337 |
|
|
|a unmediated
|b n
|2 rdamedia
|
| 338 |
|
|
|a volume
|b nc
|2 rdacarrier
|
| 500 |
|
|
|a Papers from symposia of the American institute of physics and the American association of physics teachers, October 29-31, 1936. cf. Acknowledgment.
|
| 505 |
0 |
|
|a Foreword by K. T. Compton.--Accomplishment of the industrial physicist in the glass industry, by E. C. Sullivan.--Physics in the metal industry, by Zay Jeffries and E. Q. Adams.--Let the physicist change your oil! By P. F. Foote.--Vibration in industry, by J. P. Den Hartog.--Building--the forgotten child of physics, by J. E. Burchard.--The evolution of the crystal wave filter, by O. E. Buckley.--The physicist ets air minded, by C. B. Millikan.--Some physical problems in the electrical power industry, by Joseph Slephian.--Training of physicists for industry. From the point of view of the educator. By H. L. Dodge.--Training of physicists for industry. From the point of view of the employer. By A. R. Olpin.
|
| 650 |
|
0 |
|a Physics.
|
| 650 |
|
0 |
|a Industries.
|
| 710 |
2 |
|
|a American Institute of Physics.
|
| 710 |
2 |
|
|a American Association of Physics Teachers.
|
| 999 |
|
|
|a MARS
|
| 999 |
f |
f |
|s dc4b6f78-ee0f-364a-8ad0-305c9895197a
|i 7f8bf6d4-4608-3b9a-97b0-82bc3c720b8e
|t 0
|
| 952 |
f |
f |
|p ric
|a Texas A&M University
|b Rellis Campus
|c Joint Library Facility
|s JLF
|d Remote Storage
|t 0
|e QC28 .P5
|h Library of Congress classification
|i unmediated -- volume
|m A14804598028
|
| 998 |
f |
f |
|a QC28 .P5
|t 0
|l Remote Storage
|